[Event "30. Internationales Böblinger Open"]
[Site "Böblingen"]
[Date "2013.12.27"]
[Round "2"]
[White "Kachar, Vladimir"]
[Black "Stimpel, Franz"]
[Result "1-0"]
[WhiteElo "2290"]
[BlackElo "2152"]
[PlyCount "73"]
[EventDate "2013.12.26"]
[EventType "swiss"]
[EventRounds "9"]
[EventCountry "GER"]

1. d4 Nf6 2. c4 d6 3. Nf3 g6 4. Nc3 Nbd7 5. Bg5 Bg7 6. e3 h6 7. Bh4 c6 8. h3
O-O 9. g4 Nh7 10. Bg2 Re8 11. Qc2 Rb8 12. Nd2 Bf6 13. Bg3 c5 14. Nde4 cxd4 15.
Nxf6+ Nhxf6 16. exd4 b6 17. O-O h5 18. g5 Nh7 19. h4 Ndf8 20. d5 Bf5 21. Qd2
Nd7 22. Rfe1 a6 23. Re3 a5 24. Rae1 Nc5 25. Nb5 Bd7 26. Nd4 Nf8 27. Bf1 Rb7 28.
b3 Rc7 29. a3 Nb7 30. b4 axb4 31. axb4 e5 32. dxe6 Nxe6 33. Nxe6 Rxe6 34. Qd4
Rc8 35. Rxe6 Bxe6 36. Rxe6 fxe6 37. Qe4 1-0

[Event "30. Internationales Böblinger Open"]
[Site "Böblingen"]
[Date "2013.12.27"]
[Round "2"]
[White "Kersten, Uwe"]
[Black "Lambert, Andreas"]
[Result "1/2-1/2"]
[WhiteElo "2280"]
[BlackElo "2144"]
[PlyCount "83"]
[EventDate "2013.12.26"]
[EventType "swiss"]
[EventRounds "9"]
[EventCountry "GER"]

1. e4 e6 2. d4 d5 3. Nd2 Be7 4. Bd3 c5 5. dxc5 Nf6 6. Qe2 O-O 7. Ngf3 Nfd7 8.
Nb3 a5 9. a4 Na6 10. exd5 exd5 11. O-O Naxc5 12. Nfd4 Nxd3 13. Qxd3 Ne5 14. Qb5
b6 15. Qe2 Bd6 16. Nb5 Ba6 17. Be3 Qh4 18. Rfd1 Nc4 19. Nxd6 Nxd6 20. Qf3 Nc4
21. Bd4 Rad8 22. Qg3 Qxg3 23. hxg3 Rfe8 24. Re1 Re6 25. f3 Rde8 26. Kf2 h5 27.
Rad1 Rxe1 28. Rxe1 Rxe1 29. Kxe1 b5 30. Nc5 Bc8 31. axb5 Kf8 32. Kd1 f6 33. b3
Nd6 34. b6 Nb7 35. Nd3 Be6 36. Kd2 Ke7 37. Kc3 Kd6 38. Be3 Kc6 39. Nf4 Bf7 40.
Bd4 Nd6 41. Bf2 Nc8 42. Nd3 1/2-1/2

[Event "30. Internationales Böblinger Open"]
[Site "Böblingen"]
[Date "2013.12.27"]
[Round "2"]
[White "Matnadze, Ana"]
[Black "Makka, Ioulia"]
[Result "1/2-1/2"]
[WhiteElo "2382"]
[BlackElo "2165"]
[PlyCount "117"]
[EventDate "2013.12.26"]
[EventType "swiss"]
[EventRounds "9"]
[EventCountry "GER"]

1. d4 Nf6 2. g3 d5 3. Bg2 c6 4. Nf3 Bf5 5. O-O h6 6. b3 e6 7. Bb2 Nbd7 8. Nbd2
Be7 9. c4 O-O 10. e3 a5 11. a4 Bb4 12. Qe2 Ne4 13. Nxe4 Bxe4 14. Rfd1 Qe7 15.
Ne1 Bxg2 16. Kxg2 f5 17. Nd3 Bd6 18. f3 dxc4 19. bxc4 e5 20. dxe5 Nxe5 21. c5
Bb8 22. Nf4 Qf7 23. h4 Ng6 24. Ra3 Re8 25. Qd2 Nxf4+ 26. gxf4 Bc7 27. Rd3 Rad8
28. Rxd8 Bxd8 29. Qf2 Bf6 30. Bxf6 Qxf6 31. Rd7 Re7 32. Qa2+ Kh7 33. Rd8 Rf7
34. Rd6 Qe7 35. Qe6 Qf8 36. Qg6+ Kh8 37. Re6 Re7 38. Re5 Rxe5 39. fxe5 Qxc5 40.
Qxf5 Qxe3 41. e6 Qe2+ 42. Kg3 Qe1+ 43. Kg4 Qb4+ 44. Kh3 b5 45. Qf7 Qc4 46. Qf8+
Kh7 47. e7 Qf1+ 48. Kg4 Qg1+ 49. Kf5 Qc5+ 50. Ke4 Qc4+ 51. Ke3 Qc3+ 52. Kf2
Qd2+ 53. Kf1 Qd1+ 54. Kg2 Qe2+ 55. Kh3 Qf1+ 56. Kg3 Qg1+ 57. Kh3 Qh1+ 58. Kg4
Qg1+ 59. Kh3 1/2-1/2

[Event "30. Internationales Böblinger Open"]
[Site "Böblingen"]
[Date "2013.12.27"]
[Round "2"]
[White "Milov, Leonid"]
[Black "Wartlick, Karl"]
[Result "1-0"]
[WhiteElo "2525"]
[BlackElo "2208"]
[PlyCount "37"]
[EventDate "2013.12.26"]
[EventType "swiss"]
[EventRounds "9"]
[EventCountry "GER"]

1. e4 e5 2. Nf3 Nc6 3. Bb5 f5 4. Nc3 fxe4 5. Nxe4 d5 6. Nxe5 dxe4 7. Nxc6 Qg5
8. Qe2 Nf6 9. Nxa7+ c6 10. Nxc6 Qxg2 11. Ne5+ Ke7 12. Qf1 Qxf1+ 13. Rxf1 Bh3
14. Rg1 Ke6 15. d4 Bd6 16. Rxg7 Bxe5 17. dxe5 Kxe5 18. Re7+ Kf5 19. Bc4 1-0

[Event "30. Internationales Böblinger Open"]
[Site "Böblingen"]
[Date "2013.12.27"]
[Round "2"]
[White "Noe, Christopher"]
[Black "Flick, Antoine"]
[Result "1-0"]
[WhiteElo "2253"]
[BlackElo "2034"]
[PlyCount "113"]
[EventDate "2013.12.26"]
[EventType "swiss"]
[EventRounds "9"]
[EventCountry "GER"]

1. Nf3 Nf6 2. g3 g6 3. Bg2 Bg7 4. c4 O-O 5. O-O c5 6. d4 cxd4 7. Nxd4 Nc6 8.
Nc3 a6 9. c5 Nxd4 10. Qxd4 d6 11. cxd6 Ne8 12. Qd3 Nxd6 13. Bf4 Be6 14. Bxd6
Qxd6 15. Qxd6 exd6 16. Rfd1 Rfd8 17. Rd2 Rab8 18. e3 Kf8 19. Ne2 Ke7 20. Nd4
Rdc8 21. a3 Rc7 22. Rad1 Rd8 23. Bf3 Be5 24. Kg2 Kf6 25. Be4 Ke7 26. Bf3 Kf6
27. b4 Bxd4 28. Rxd4 Ke7 29. a4 Bb3 30. Ra1 Rb8 31. Ra3 Bc4 32. Ra1 Bb3 33. b5
Rc4 34. Rb1 Rxd4 35. exd4 Bc4 36. bxa6 Bxa6 37. Bd5 b5 38. Rb4 f6 39. Bc6 Bb7
40. Bxb7 Rxb7 41. axb5 d5 42. Kf3 Kd6 43. Rb2 h6 44. h4 h5 45. g4 hxg4+ 46.
Kxg4 Ke6 47. b6 Ke7 48. h5 gxh5+ 49. Kxh5 Ke6 50. Kg6 f5 51. f4 Rb8 52. b7 Rg8+
53. Kh6 Rh8+ 54. Kg7 Rb8 55. Rb6+ Kd7 56. Kf6 Re8 57. b8=R 1-0

[Event "30. Internationales Böblinger Open"]
[Site "Böblingen"]
[Date "2013.12.27"]
[Round "2"]
[White "Schmidt, Olaf"]
[Black "Janzelj, Tim"]
[Result "0-1"]
[WhiteElo "2147"]
[BlackElo "2282"]
[PlyCount "50"]
[EventDate "2013.12.26"]
[EventType "swiss"]
[EventRounds "9"]
[EventCountry "GER"]

1. d4 Nf6 2. Nf3 e6 3. c4 Bb4+ 4. Nbd2 b6 5. a3 Bxd2+ 6. Qxd2 Bb7 7. g3 d5 8.
cxd5 Bxd5 9. Bg2 O-O 10. O-O Qc8 11. Ne5 Bxg2 12. Kxg2 Qb7+ 13. Kg1 Rd8 14. Qf4
Nc6 15. Qf3 Rd5 16. Nxc6 Qxc6 17. Bg5 Ne8 18. Rac1 Qd7 19. g4 h5 20. h3 hxg4
21. hxg4 Rxg5 22. Qxa8 Rxg4+ 23. Kh2 Qxd4 24. Qxe8+ Kh7 25. Rc3 Qf4+ 0-1

[Event "30. Internationales Böblinger Open"]
[Site "Böblingen"]
[Date "2013.12.27"]
[Round "2"]
[White "Schmitz, Thorsten"]
[Black "Wilk, Wolf Christian"]
[Result "1-0"]
[WhiteElo "2302"]
[BlackElo "2155"]
[PlyCount "75"]
[EventDate "2013.12.26"]
[EventType "swiss"]
[EventRounds "9"]
[EventCountry "GER"]

1. e4 e5 2. Nf3 Nc6 3. Bc4 Bc5 4. d3 Nf6 5. Nc3 d6 6. Bg5 Na5 7. Bb5+ c6 8. Ba4
b5 9. Bb3 Nxb3 10. axb3 h6 11. Be3 Qe7 12. Qd2 Bb4 13. O-O O-O 14. Qe2 Bg4 15.
h3 Bh5 16. Na2 d5 17. Nxb4 Qxb4 18. g4 Nxg4 19. hxg4 Bxg4 20. exd5 cxd5 21. Bd2
Qc5 22. Qe3 d4 23. Qe4 f5 24. Qxe5 Qxc2 25. Bxh6 Rf6 26. Ng5 Qc6 27. Rfc1 Qd6
28. Qxd6 Rxd6 29. Rxa7 gxh6 30. Rxa8+ Kg7 31. Rc7+ Kg6 32. f3 Kxg5 33. fxg4
fxg4 34. Re8 Kf4 35. Kg2 Rf6 36. Re1 Rg6 37. Rc5 g3 38. Re4# 1-0

[Event "30. Internationales Böblinger Open"]
[Site "Böblingen"]
[Date "2013.12.27"]
[Round "2"]
[White "Schulze, Ulrich"]
[Black "Schoen, Ralf"]
[Result "1-0"]
[WhiteElo "2309"]
[BlackElo "2158"]
[PlyCount "114"]
[EventDate "2013.12.26"]
[EventType "swiss"]
[EventRounds "9"]
[EventCountry "GER"]

1. d4 Nf6 2. Nf3 b6 3. g3 Bb7 4. Bg2 e6 5. c4 Bb4+ 6. Bd2 Bxd2+ 7. Qxd2 O-O 8.
O-O d6 9. Nc3 Nbd7 10. Rfd1 Ne4 11. Qc2 Nxc3 12. Qxc3 a5 13. Rac1 Qe7 14. b3
Rfe8 15. e3 Rad8 16. a3 Qf6 17. Nd2 Bxg2 18. Kxg2 e5 19. d5 h6 20. Qc2 Qg5 21.
Re1 f5 22. f4 Qh5 23. Nf3 e4 24. Nd4 Nc5 25. Qe2 Qxe2+ 26. Rxe2 Nd3 27. Rf1 g6
28. h3 Kf7 29. g4 Kf6 30. Kh2 Rd7 31. gxf5 g5 32. Rg2 Rh7 33. Ne6 gxf4 34. Nxf4
Ne5 35. Nh5+ Kf7 36. a4 Nf3+ 37. Kh1 Re5 38. Rff2 Ne1 39. Rg6 Rxf5 40. Rg7+
Rxg7 41. Rxf5+ Kg6 42. Nxg7 Kxg7 43. Rf4 Nd3 44. Rf1 Nc5 45. Rb1 Nd3 46. Kg2
Kg6 47. Kg3 Kg7 48. Kg4 Kg6 49. Kh4 Kg7 50. Kh5 Kh7 51. Rf1 Kg7 52. Rg1+ Kh7
53. Rg6 Nc5 54. h4 Nxb3 55. Re6 Nd2 56. Re7+ Kg8 57. Rxc7 Nf1 1-0

[Event "30. Internationales Böblinger Open"]
[Site "Böblingen"]
[Date "2013.12.27"]
[Round "2"]
[White "Smith, Thijmen"]
[Black "Starostits, Ilmars"]
[Result "0-1"]
[WhiteElo "2188"]
[BlackElo "2458"]
[PlyCount "76"]
[EventDate "2013.12.26"]
[EventType "swiss"]
[EventRounds "9"]
[EventCountry "GER"]

1. e4 c5 2. Nf3 d6 3. d4 cxd4 4. Nxd4 Nf6 5. Nc3 g6 6. Be2 Nc6 7. Nb3 Bg7 8.
O-O Be6 9. Bg5 O-O 10. Kh1 a6 11. f4 Rc8 12. Bf3 Nd7 13. Rb1 h6 14. Bh4 Nb4 15.
Nd4 Bc4 16. Rf2 Nc5 17. Rd2 Bxd4 18. Rxd4 Ne6 19. a3 Nxd4 20. Qxd4 Na2 21. Nd5
Bxd5 22. Qxd5 e6 23. Qxa2 Qxh4 24. g3 Qf6 25. Qb3 e5 26. fxe5 dxe5 27. Rf1 Qc6
28. c3 Kg7 29. Rd1 b5 30. Rd5 Rcd8 31. Qd1 Rxd5 32. exd5 Qc5 33. a4 Rd8 34. Qe2
Re8 35. axb5 axb5 36. Qd3 f5 37. b4 Qf2 38. Be2 Ra8 0-1

[Event "30. Internationales Böblinger Open"]
[Site "Böblingen"]
[Date "2013.12.27"]
[Round "2"]
[White "Veys, Vincent"]
[Black "Vujic, Branimir"]
[Result "0-1"]
[WhiteElo "2167"]
[BlackElo "2349"]
[PlyCount "134"]
[EventDate "2013.12.26"]
[EventType "swiss"]
[EventRounds "9"]
[EventCountry "GER"]

1. e4 d5 2. exd5 Nf6 3. Nc3 Nxd5 4. Bc4 Nb6 5. Bb3 c5 6. d3 e6 7. Qf3 Be7 8.
Qg3 O-O 9. Ne4 Nd5 10. Nf3 Qc7 11. Ne5 f5 12. Bxd5 exd5 13. Ng5 Re8 14. f4 Bxg5
15. Qxg5 Nc6 16. O-O Nxe5 17. fxe5 Qxe5 18. c3 Bd7 19. Bf4 Qe7 20. Qxe7 Rxe7
21. Rae1 Rae8 22. Rxe7 Rxe7 23. Bd6 Re2 24. Rf2 Re1+ 25. Rf1 Rxf1+ 26. Kxf1 c4
27. dxc4 dxc4 28. Kf2 Kf7 29. Be5 g5 30. Ke3 f4+ 31. Kf2 Ke6 32. Bb8 a6 33. g3
Kf5 34. h4 fxg3+ 35. Bxg3 gxh4 36. Bxh4 Ke4 37. Ke2 Bg4+ 38. Kd2 Be6 39. Ke2 h5
40. a4 Bg4+ 41. Kf2 Kd3 42. Bf6 Kc2 43. Ke3 Kxb2 44. Kd4 Kb3 45. a5 Be6 46. Bd8
Kc2 47. Bf6 Kd2 48. Bh4 Ke2 49. Ke5 Bf7 50. Kf4 Be8 51. Bd8 Bd7 52. Ke4 Kf2 53.
Kf4 Bc6 54. Kg5 Bf3 55. Kf4 Ke2 56. Bf6 Bc6 57. Kg5 Be8 58. Kf4 Kd3 59. Bd4 Bd7
60. Kg5 Be8 61. Kf4 Kc2 62. Bf6 Kb3 63. Bd4 Bc6 64. Kg5 b5 65. axb6 a5 66. Kxh5
a4 67. Kg5 a3 0-1

[Event "30. Internationales Böblinger Open"]
[Site "Böblingen"]
[Date "2013.12.27"]
[Round "3"]
[White "Bonk, Andras"]
[Black "Kabisch, Thilo"]
[Result "1/2-1/2"]
[WhiteElo "2084"]
[BlackElo "2262"]
[PlyCount "120"]
[EventDate "2013.12.26"]
[EventType "swiss"]
[EventRounds "9"]
[EventCountry "GER"]

1. e4 c5 2. Ne2 Nc6 3. d4 cxd4 4. Nxd4 e5 5. Nb5 d6 6. N1c3 a6 7. Na3 Be7 8.
Be3 Nf6 9. Nd5 Nxd5 10. exd5 Nb8 11. Nc4 Nd7 12. a4 O-O 13. Be2 f5 14. f4 a5
15. O-O exf4 16. Bxf4 Nc5 17. Ra3 Qc7 18. Re3 Rd8 19. Bd3 Nxa4 20. Rfe1 Bf8 21.
Re8 b5 22. R1e7 Bd7 23. Bxf5 Qc5+ 24. Be3 Bxe8 25. Bxc5 Bxe7 26. Qe2 Nxc5 27.
Nb6 Bf6 28. Nxa8 Rxa8 29. c3 a4 30. Qc2 g6 31. Be6+ Bf7 32. Qf2 Kg7 33. Bxf7
Kxf7 34. g4 Kg7 35. Qe3 Be5 36. Qg5 Re8 37. Qd2 h6 38. Kg2 Rf8 39. Qe2 Rb8 40.
h4 b4 41. h5 bxc3 42. bxc3 a3 43. Kf3 Rb2 44. Qd1 g5 45. Qa1 Nb3 46. Qd1 Nd2+
47. Ke3 Nc4+ 48. Kf3 Bf4 49. Qa4 Ne5+ 50. Ke4 Kf6 51. Qa6 Nxg4 52. Qxa3 Re2+
53. Kd4 Be5+ 54. Kc4 Kf5 55. Qa1 Re4+ 56. Kb3 Nf6 57. Qf1+ Bf4 58. c4 g4 59. c5
dxc5 60. Kc2 g3 1/2-1/2

[Event "30. Internationales Böblinger Open"]
[Site "Böblingen"]
[Date "2013.12.27"]
[Round "3"]
[White "Heimrath, Reiner"]
[Black "Gavrilov, Alexei V"]
[Result "0-1"]
[WhiteElo "2271"]
[BlackElo "2452"]
[PlyCount "104"]
[EventDate "2013.12.26"]
[EventType "swiss"]
[EventRounds "9"]
[EventCountry "GER"]

1. e4 c6 2. d3 d5 3. Nd2 e5 4. Ngf3 Bd6 5. b3 Nf6 6. Bb2 Nbd7 7. g3 O-O 8. Bg2
Re8 9. O-O a5 10. a3 Qc7 11. Re1 dxe4 12. Nxe4 Nxe4 13. Rxe4 Nf8 14. Qd2 Bf5
15. Re2 f6 16. Rae1 Bg6 17. Nh4 Bh5 18. Re4 Ne6 19. Nf5 Bf8 20. g4 Bg6 21. Qe2
Qd7 22. Re3 Nf4 23. Qf3 Bxf5 24. gxf5 Qxf5 25. Kh1 Qd7 26. Rg1 Rad8 27. Re4 Qd5
28. Qg4 Nxg2 29. Rxg2 g6 30. Qe2 Bg7 31. f4 f5 32. Re3 e4 33. Bxg7 Kxg7 34. Qe1
Rd6 35. Kg1 Rde6 36. Qa1+ Kf7 37. d4 Rd8 38. Rd2 b5 39. Qf1 b4 40. axb4 axb4
41. Qh3 Kg8 42. c4 bxc3 43. Rxc3 Qa5 44. Qe3 Red6 45. Rc4 c5 46. b4 Qa1+ 47.
Kg2 cxd4 48. Qb3 Kg7 49. Ra2 Qe1 50. Rc7+ R8d7 51. Rxd7+ Rxd7 52. Qe6 Rb7 0-1

[Event "30. Internationales Böblinger Open"]
[Site "Böblingen"]
[Date "2013.12.27"]
[Round "3"]
[White "Janzelj, Tim"]
[Black "Milov, Leonid"]
[Result "1-0"]
[WhiteElo "2282"]
[BlackElo "2525"]
[PlyCount "114"]
[EventDate "2013.12.26"]
[EventType "swiss"]
[EventRounds "9"]
[EventCountry "GER"]

1. d4 Nf6 2. c4 c5 3. d5 a6 4. a4 e6 5. Nc3 Bd6 6. e4 Be5 7. Nge2 Bc7 8. g3 d6
9. Bg2 exd5 10. cxd5 O-O 11. O-O Nbd7 12. h3 Rb8 13. f4 Re8 14. g4 h6 15. g5
hxg5 16. e5 Nxe5 17. fxe5 Rxe5 18. Ng3 Qe7 19. Qc2 g6 20. Bd2 Bd7 21. Rae1 Nh7
22. Rxe5 Qxe5 23. Nce4 f5 24. Bc3 Qe7 25. Nf2 Qe8 26. a5 Bd8 27. Qd2 Be7 28. b4
cxb4 29. Bxb4 Bf8 30. Bc3 Bg7 31. Bxg7 Kxg7 32. Qc3+ Qe5 33. Qxe5+ dxe5 34. Rb1
Nf6 35. Nd3 e4 36. Nc5 Bb5 37. Bf1 Bxf1 38. Nxf1 Nxd5 39. Nxa6 Ra8 40. Rxb7+
Kf6 41. Rb5 Nc3 42. Rb6+ Ke5 43. Nb4 Kd4 44. Rxg6 Ne2+ 45. Kh2 Kc5 46. Na6+ Kd4
47. Ng3 Nf4 48. Rc6 Rh8 49. Nxf5+ Ke5 50. Nh6 Kd4 51. Rd6+ Kc3 52. Nc5 e3 53.
Ne4+ Kb4 54. Nxg5 Kxa5 55. Kg3 e2 56. Nf3 Rf8 57. h4 Ng6 1-0

[Event "30. Internationales Böblinger Open"]
[Site "Böblingen"]
[Date "2013.12.27"]
[Round "3"]
[White "Lambert, Andreas"]
[Black "Schild, Christoph"]
[Result "1-0"]
[WhiteElo "2144"]
[BlackElo "2362"]
[PlyCount "120"]
[EventDate "2013.12.26"]
[EventType "swiss"]
[EventRounds "9"]
[EventCountry "GER"]

1. c4 Nf6 2. Nc3 e5 3. Nf3 Nc6 4. g3 Nd4 5. Bg2 Nxf3+ 6. Bxf3 Bc5 7. O-O Qe7 8.
d3 c6 9. Bg5 h6 10. Bxf6 gxf6 11. e3 d6 12. d4 Bb6 13. d5 c5 14. e4 Bd7 15. Bg4
Rg8 16. Bxd7+ Qxd7 17. Qf3 Rg6 18. Nd1 Qh3 19. Ne3 Kd7 20. Nf5 Rag8 21. Qb3 Rg5
22. Qf3 Rg4 23. Rfe1 Rf4 24. Qg2 Qh5 25. Re3 Rg6 26. Kh1 Rxf5 27. exf5 Qxf5 28.
Qf3 Qc2 29. Qe2 Qxe2 30. Rxe2 Rg4 31. f4 Bd8 32. Rf1 a6 33. Kg2 Rg8 34. Re3 Rg7
35. Rb3 Kc7 36. h3 h5 37. fxe5 fxe5 38. Rbf3 f6 39. Rb3 Rg5 40. Rbf3 Rg7 41.
Rf5 Rh7 42. Re1 b5 43. Re4 Kb6 44. Rh4 bxc4 45. Rxc4 Kb5 46. b3 a5 47. Rh4 Rc7
48. Kf3 Ra7 49. Rfxh5 f5 50. Ra4 e4+ 51. Kf2 Rf7 52. Ke3 Rg7 53. Kf4 Re7 54.
Rc4 e3 55. Rc1 a4 56. Kf3 axb3 57. axb3 Ba5 58. Ke2 Bd2 59. Rf1 Kb4 60. Rhxf5
Kxb3 1-0

[Event "30. Internationales Böblinger Open"]
[Site "Böblingen"]
[Date "2013.12.27"]
[Round "3"]
[White "Maiorov, Nikita"]
[Black "Khadempour, Farhad"]
[Result "1-0"]
[WhiteElo "2552"]
[BlackElo "2160"]
[PlyCount "49"]
[EventDate "2013.12.26"]
[EventType "swiss"]
[EventRounds "9"]
[EventCountry "GER"]

1. d4 d5 2. c4 c6 3. Nc3 Nf6 4. e3 e6 5. Nf3 Nbd7 6. Qc2 Bd6 7. b3 O-O 8. Bb2
e5 9. Be2 exd4 10. Nxd4 dxc4 11. Bxc4 Ne5 12. Be2 Qe7 13. h3 g6 14. g4 c5 15.
Ndb5 Bb8 16. g5 Nfd7 17. f4 Nf3+ 18. Bxf3 Qxe3+ 19. Qe2 Qxf4 20. Nd5 Qh4+ 21.
Kf1 h6 22. Ne7+ Kh7 23. Nxc8 Rxc8 24. Bxb7 Bg3 25. Qg4 1-0

[Event "30. Internationales Böblinger Open"]
[Site "Böblingen"]
[Date "2013.12.27"]
[Round "3"]
[White "Makka, Ioulia"]
[Black "Kersten, Uwe"]
[Result "1/2-1/2"]
[WhiteElo "2165"]
[BlackElo "2280"]
[PlyCount "98"]
[EventDate "2013.12.26"]
[EventType "swiss"]
[EventRounds "9"]
[EventCountry "GER"]

1. e4 c5 2. Nf3 d6 3. d4 cxd4 4. Nxd4 Nf6 5. Nc3 a6 6. g3 e5 7. Nde2 b5 8. Bg2
Bb7 9. O-O Nbd7 10. h3 h5 11. Bg5 Be7 12. a3 Rc8 13. Nc1 Rxc3 14. bxc3 Nxe4 15.
Bxe7 Kxe7 16. Qe1 Qa8 17. Qe3 Rc8 18. Ne2 Rc4 19. Rfd1 Ndf6 20. Qd3 Qd8 21. Qe3
Qc7 22. Rd3 Nd5 23. Qa7 Qb6 24. Qxb6 Nxb6 25. Rad1 d5 26. Re3 f6 27. f3 Nd6 28.
Nd4 Kf7 29. Nb3 Nf5 30. Red3 Nxg3 31. Na5 Rc7 32. Nxb7 Rxb7 33. Kf2 Nf5 34. a4
bxa4 35. Rb1 Nd6 36. f4 e4 37. Rd4 Nb5 38. Rdb4 Rc7 39. Bf1 Rxc3 40. Bxb5 axb5
41. Rxb5 Nc4 42. Rxd5 Rxc2+ 43. Ke1 Ke6 44. Rbb5 g6 45. Rdc5 a3 46. Rc6+ Kd7
47. Ra6 a2 48. Rb7+ Kc8 49. Rba7 Rc1+ 1/2-1/2

[Event "30. Internationales Böblinger Open"]
[Site "Böblingen"]
[Date "2013.12.27"]
[Round "3"]
[White "Neyman, Igor"]
[Black "Dorst, Johannes"]
[Result "0-1"]
[WhiteElo "2301"]
[BlackElo "2222"]
[PlyCount "74"]
[EventDate "2013.12.26"]
[EventType "swiss"]
[EventRounds "9"]
[EventCountry "GER"]

1. d4 Nf6 2. c4 c5 3. d5 b5 4. cxb5 a6 5. f3 g6 6. e4 Bg7 7. Na3 d6 8. Ne2 O-O
9. Nc3 e6 10. dxe6 fxe6 11. Be3 Qe7 12. Be2 Rd8 13. Qc2 d5 14. Na4 d4 15. Bg5
Nbd7 16. O-O axb5 17. Bxb5 h6 18. Bh4 g5 19. Bg3 Ba6 20. Rac1 Nh5 21. Bxa6 Rxa6
22. Qc4 Rda8 23. b3 Nxg3 24. hxg3 d3 25. Qxd3 Bd4+ 26. Kh2 Qf7 27. g4 h5 28. g3
Be5 29. Nc4 Bd4 30. gxh5 Rxa4 31. bxa4 Rxa4 32. Rc2 Rxc4 33. Qxc4 Ne5 34. Qa6
g4 35. fxg4 Nxg4+ 36. Kg2 Ne3+ 37. Kh1 Nxf1 0-1

[Event "30. Internationales Böblinger Open"]
[Site "Böblingen"]
[Date "2013.12.27"]
[Round "3"]
[White "Ruff, Maximilian"]
[Black "Burmakin, Vladimir"]
[Result "0-1"]
[WhiteElo "2123"]
[BlackElo "2585"]
[PlyCount "74"]
[EventDate "2013.12.26"]
[EventType "swiss"]
[EventRounds "9"]
[EventCountry "GER"]

1. e4 c6 2. d4 d5 3. exd5 cxd5 4. Bd3 Nc6 5. c3 Nf6 6. Bf4 g6 7. Nf3 Bg7 8. O-O
O-O 9. Re1 Bg4 10. h3 Bf5 11. Bxf5 gxf5 12. Ne5 e6 13. Nd2 Nxe5 14. Bxe5 Kh8
15. a4 Rg8 16. Qb3 Ne4 17. Nf3 Bxe5 18. Nxe5 Qc7 19. Qc2 Rg7 20. Kh1 Rag8 21.
Rg1 Qe7 22. Nf3 Qf6 23. Qe2 Rg6 24. Ne5 Rh6 25. Qe3 f4 26. Qf3 Qf5 27. Kh2 Rg3
28. fxg3 fxg3+ 29. Qxg3 Nxg3 30. Kxg3 Qg5+ 31. Kh2 Qf4+ 32. Kh1 Rf6 33. Rad1
Rf5 34. Rd3 Qf2 35. Rf3 Qxb2 36. Nxf7+ Kg7 37. Rgf1 Kxf7 0-1

[Event "30. Internationales Böblinger Open"]
[Site "Böblingen"]
[Date "2013.12.27"]
[Round "3"]
[White "Schmid, Roland"]
[Black "Templin, Klaus Dieter"]
[Result "1-0"]
[WhiteElo "2261"]
[BlackElo "2074"]
[PlyCount "82"]
[EventDate "2013.12.26"]
[EventType "swiss"]
[EventRounds "9"]
[EventCountry "GER"]

1. d4 Nf6 2. c4 g6 3. Nc3 d5 4. Nf3 Bg7 5. Qb3 dxc4 6. Qxc4 O-O 7. e4 c6 8. Be2
b5 9. Qb3 a5 10. e5 Ne8 11. Be3 Nc7 12. O-O Be6 13. Qd1 Nd5 14. Ne4 Na6 15. a3
Qb6 16. Rc1 Rfd8 17. Qd2 Bf5 18. Nc5 Nxe3 19. Qxe3 f6 20. Qb3+ Kh8 21. Ne6 a4
22. Qa2 Rd5 23. Nxg7 Kxg7 24. b4 axb3 25. Qxb3 Nb8 26. exf6+ exf6 27. Rfe1 Qa5
28. Rxc6 Rd7 29. Rc8 Rd8 30. Rxd8 Qxd8 31. Bxb5 Qd6 32. Qb4 Qxb4 33. axb4 Kf7
34. h3 h5 35. Nd2 Nd7 36. Nc4 Rb8 37. Nd6+ Kf8 38. Nxf5 Rxb5 39. Re8+ Kxe8 40.
Nd6+ Ke7 41. Nxb5 Ke6 1-0

[Event "30. Internationales Böblinger Open"]
[Site "Böblingen"]
[Date "2013.12.27"]
[Round "3"]
[White "Schrems, Hermann"]
[Black "Matnadze, Ana"]
[Result "0-1"]
[WhiteElo "2175"]
[BlackElo "2382"]
[PlyCount "64"]
[EventDate "2013.12.26"]
[EventType "swiss"]
[EventRounds "9"]
[EventCountry "GER"]

1. d4 Nf6 2. c4 e6 3. g3 d5 4. Nf3 g6 5. Bg2 Bg7 6. O-O O-O 7. Nbd2 Nbd7 8. Qc2
a5 9. b3 a4 10. Ba3 Re8 11. Bb4 dxc4 12. bxc4 c5 13. dxc5 Qc7 14. c6 bxc6 15.
Rab1 e5 16. e3 Nf8 17. Nh4 Ne6 18. Rfd1 Ng5 19. Ndf3 Nh3+ 20. Bxh3 Bxh3 21. Bd6
Qa5 22. Ng5 Bg4 23. f3 e4 24. c5 exf3 25. Rd4 Rxe3 26. Rdb4 Rae8 27. Qc4 f2+
28. Kg2 Re1 29. Qxf7+ Kh8 30. Rf4 Qd2 31. Qxg7+ Kxg7 32. Rb7+ Kg8 0-1

[Event "30. Internationales Böblinger Open"]
[Site "Böblingen"]
[Date "2013.12.27"]
[Round "3"]
[White "Starostits, Ilmars"]
[Black "Schmitz, Thorsten"]
[Result "0-1"]
[WhiteElo "2458"]
[BlackElo "2302"]
[PlyCount "102"]
[EventDate "2013.12.26"]
[EventType "swiss"]
[EventRounds "9"]
[EventCountry "GER"]

1. e4 e5 2. Nf3 d6 3. Bc4 Nf6 4. Ng5 d5 5. exd5 h6 6. Nf3 e4 7. Ne5 Bd6 8. d4
Nbd7 9. Nxd7 Bxd7 10. h3 b5 11. Bb3 a5 12. a4 bxa4 13. Bxa4 Bxa4 14. Rxa4 Nxd5
15. c4 Nb6 16. Ra1 Bb4+ 17. Nc3 Nxc4 18. O-O O-O 19. Nxe4 Qd5 20. Qc2 Nd6 21.
Nxd6 cxd6 22. Qd3 Rfe8 23. Be3 Re6 24. Rac1 Rg6 25. g3 Re8 26. Bd2 Re4 27. Rc8+
Kh7 28. Bc3 h5 29. Rb8 h4 30. f3 Re7 31. g4 Bxc3 32. bxc3 Qe6 33. c4 Qe3+ 34.
Qxe3 Rxe3 35. d5 Rc3 36. Rc8 Rg5 37. f4 Rxd5 38. cxd5 Rxc8 39. Kf2 Rc5 40. Rd1
a4 41. Ra1 Rc4 42. Ke3 Kg6 43. Ra3 Rb4 44. Ra2 Kf6 45. Ra1 g5 46. fxg5+ Kxg5
47. Kd3 Rb3+ 48. Kc2 Rxh3 49. Rxa4 Rg3 50. Ra7 Rxg4 51. Rxf7 h3 0-1

[Event "30. Internationales Böblinger Open"]
[Site "Böblingen"]
[Date "2013.12.27"]
[Round "3"]
[White "Vuckovic, Aleksandar"]
[Black "Andraschko, Felix"]
[Result "1-0"]
[WhiteElo "2317"]
[BlackElo "2143"]
[PlyCount "47"]
[EventDate "2013.12.26"]
[EventType "swiss"]
[EventRounds "9"]
[EventCountry "GER"]

1. e4 e5 2. Nf3 Nf6 3. Nc3 Nc6 4. Bb5 Nd4 5. Bd3 Nxf3+ 6. Qxf3 d6 7. h3 Be7 8.
b3 c6 9. g4 Be6 10. Bb2 Qc7 11. Qe3 Qb6 12. Qxb6 axb6 13. a4 Nd7 14. Be2 O-O-O
15. O-O-O Bf6 16. Rdf1 Bg5 17. Bf3 g6 18. Ne2 f5 19. gxf5 gxf5 20. exf5 Bxf5
21. Bg4 Bxg4 22. hxg4 Nf6 23. f4 exf4 24. Nxf4 1-0

[Event "30. Internationales Böblinger Open"]
[Site "Böblingen"]
[Date "2013.12.27"]
[Round "3"]
[White "Vujic, Branimir"]
[Black "Kvetny, Mark"]
[Result "0-1"]
[WhiteElo "2349"]
[BlackElo "2239"]
[PlyCount "58"]
[EventDate "2013.12.26"]
[EventType "swiss"]
[EventRounds "9"]
[EventCountry "GER"]

1. d4 Nf6 2. Bf4 c5 3. e3 g6 4. c3 Bg7 5. Nf3 cxd4 6. exd4 O-O 7. Be2 d6 8. O-O
Bf5 9. Re1 Qb6 10. Qc1 Nd5 11. Bg5 e5 12. Na3 Nc6 13. c4 Nf4 14. c5 Nxe2+ 15.
Rxe2 Qa6 16. Rd2 e4 17. Nh4 Nxd4 18. Rxd4 Bxd4 19. Nxf5 gxf5 20. Be7 dxc5 21.
Bxf8 Rxf8 22. Nc4 Kh8 23. Qc2 Qg6 24. Re1 Rg8 25. g3 f4 26. Kf1 f5 27. Kg2 Qh5
28. Nd6 Qf3+ 29. Kf1 fxg3 0-1

[Event "30. Internationales Böblinger Open"]
[Site "Böblingen"]
[Date "2013.12.27"]
[Round "3"]
[White "Wagener, Claude"]
[Black "Malek, Daniel"]
[Result "1/2-1/2"]
[WhiteElo "2217"]
[BlackElo "2389"]
[PlyCount "73"]
[EventDate "2013.12.26"]
[EventType "swiss"]
[EventRounds "9"]
[EventCountry "GER"]

1. e4 e5 2. Nf3 Nf6 3. Nxe5 d6 4. Nf3 Nxe4 5. Bd3 Nf6 6. h3 Be7 7. O-O O-O 8.
c3 b6 9. Bc2 Bb7 10. d4 Nbd7 11. Re1 Re8 12. Nbd2 Bf8 13. Rxe8 Qxe8 14. Nf1 g6
15. Ng3 Bg7 16. Be3 Nd5 17. Bd2 a6 18. c4 Ne7 19. Be3 c5 20. Ba4 Bc6 21. Bxc6
Nxc6 22. Qd2 b5 23. Rd1 bxc4 24. Qc2 d5 25. dxc5 Nb4 26. Qd2 Nd3 27. b3 Rc8 28.
Ne1 d4 29. Bxd4 Bxd4 30. Nxd3 cxd3 31. Qxd3 Bxf2+ 32. Kxf2 Nxc5 33. Qe2 Qc6 34.
Kg1 Qc7 35. Qg4 Re8 36. Rf1 Qe5 37. Qf4 1/2-1/2